| 000 | 01051cam a2200289 a 4500 | ||
|---|---|---|---|
| 001 | 000014613 | ||
| 003 | DO-SdBNP | ||
| 005 | 20251028120344.0 | ||
| 008 | 750729s1977 ve b 000 e spa | ||
| 040 |
_aDO-SdBNP _bspa _cFU _dOCoLC _dDLC _dBNPHU |
||
| 049 | _aBNGR | ||
| 082 |
_aVe864.4 _bH565v, 1977 |
||
| 100 | 1 |
_aHerrera Luque, Francisco J. _d1927-1991 _933098 |
|
| 245 | 1 | 4 |
_aLos viajeros de Indias : _bensayo de interpretación de la sociología venezolana / _cFrancisco J. Herrera Luque; prólogo Juan Lizcano. |
| 260 |
_aCaracas, (Venezuela) : _bMonte Ávila Editores, _c1977. |
||
| 300 |
_a306 p. ; _c18 cm. |
||
| 490 | 1 | _aLetra viva | |
| 500 | _aIncluye referencias bibliográficas | ||
| 650 | 4 |
_aEnsayo venezolano _910693 |
|
| 650 | 4 |
_aSociología _zVenezuela _xEnsayos, conferencias, etc. _933099 |
|
| 650 | 4 |
_aLiteratura venezolana _93816 |
|
| 651 | 0 |
_aVenezuela _xVida social y costumbres _926230 |
|
| 700 | 1 |
_aLizcano, Juan. _epról. _933100 |
|
| 830 | 0 |
_aLetra viva. _95252 |
|
| 910 | _aCatalogación derivada | ||
| 942 |
_2ddc _cLBS1 |
||
| 999 |
_c14198 _d14198 |
||